|
|
|
|
| LEADER |
00000cas a2200000 a 4500 |
| 001 |
vtls001309206 |
| 003 |
SK-MaSNL |
| 005 |
20260228155646.0 |
| 008 |
180126d19621964xr || 0 0 0cze |
| 035 |
|
|
|a SNK000261531
|
| 040 |
|
|
|a SNK
|b slo
|c SNK
|e AACR2
|
| 041 |
0 |
|
|a cze
|
| 044 |
|
|
|a xr
|c CZ
|
| 072 |
|
7 |
|a 633
|x Rastlinná výroba
|2 konspekt
|
| 072 |
|
7 |
|a 371
|x Školstvo (organizácia)
|2 konspekt
|
| 080 |
|
|
|a 633
|2 2011
|
| 080 |
|
|
|a (073)
|2 2011
|
| 080 |
|
|
|a 050
|2 2011
|
| 245 |
0 |
0 |
|a Studijní informace
|p Rostlinná výroba
|
| 246 |
3 |
0 |
|a Rostlinná výroba
|
| 260 |
|
|
|a Praha
|b Ústav vědeckotechnických informací
|c 1962-1964
|
| 300 |
|
|
|a zv.
|c cm
|
| 362 |
0 |
|
|a 1962-1964
|
| 650 |
0 |
7 |
|a rastlinná výroba
|2 SNKPH
|9 2835
|
| 650 |
0 |
7 |
|a študijné programy
|2 SNKPH
|9 75147
|
| 910 |
|
|
|a snk
|
| 999 |
|
|
|c 96
|d 96
|
| 952 |
|
|
|0 0
|1 1
|4 0
|7 0
|8 1
|a SNK
|b SNK
|d 1997-11-05
|i snkD 1246/97
|l 0
|o snkČB 2836/B/1962/2
|p 17A0103410
|r 2005-01-02 00:00:00
|t č. 4-10
|w 2026-02-21
|y PREZ
|
| 952 |
|
|
|0 0
|1 1
|4 0
|7 0
|8 1
|a SNK
|b SNK
|d 1999-02-08
|i snkD 285/99
|l 0
|o snkČB 2836/B/1962/1
|p 17A0177949
|r 2005-01-02 00:00:00
|t č. 1-3
|w 2026-02-21
|y PREZ
|
| 952 |
|
|
|0 0
|1 1
|4 0
|7 0
|8 1
|a SNK
|b SNK
|d 1999-02-08
|i snkD 397/97
|l 0
|o snkČB 2836/B/1963
|p 17A0066933
|r 2005-01-02 00:00:00
|t č. 1-12
|w 2026-02-21
|y PREZ
|
| 952 |
|
|
|0 0
|1 1
|4 0
|7 0
|8 1
|a SNK
|b SNK
|d 1999-02-08
|i snkD 394/97
|l 0
|o snkČB 2836/B/1964
|p 17A0066934
|r 2005-01-02 00:00:00
|t č. 1-11
|w 2026-02-21
|y PREZ
|